000 00919cam a22002651 4500
001 sa 68019574
003 DLC
005 20260227112718.0
008 910518s1967 io 000 0 ind
010 _asa 68019574
025 _aPL480:Indo-6868
035 _a(OCoLC)23770706
040 _aDLC
_cCU
_dDLC
042 _apremarc
050 0 0 _aLAW <Indonesia 7 Praw 1967>
100 1 _aPrawiranegara, Sjafruddin.
245 1 0 _aPeranan hak-hak azasi manusia dalam kehidupan politik dan ekonomi di Indonesia.
_cPembahas utama I: Rufus L. Tobing, pembahas utama II: Hariri Hady.
260 _aDjakarta,
_bBulan Bintang,
_c1967.
300 _a64 p.
_c21 cm.
500 _a"Prasaran dalam symposium hak-hak azasi manusia jang telah diadakan di Djakarta ..."
650 0 _aCivil rights
_zIndonesia.
651 0 _aIndonesia
_xPolitics and government
_y1966-
700 1 _aTobing, Rufinus L.
700 1 _aHady, Hariri.
999 _c88969
_d88969